000 00393nam a2200145Ia 4500
008 100204s9999 xx 000 0 und d
082 _b9457
100 _aपरांडे उषा
245 _aबागी
260 _b"मधुर पब्लिकेशन , पुणे 2"
_c1987
300 _a132
630 _aबागी
730 _aबागी
942 _cBOOK
999 _c453893
_d453890